Актуальные проблемы проведения внутреннего аудита в организации; Ресурсоэффективные системы в управлении и контроле: взгляд в будущее; Ч. 2

Bibliografiske detaljer
Parent link:Ресурсоэффективные системы в управлении и контроле: взгляд в будущее: сборник научных трудов III Международной конференции школьников, студентов, аспирантов, молодых ученых, 06 - 11 октября 2014 г./ Национальный исследовательский Томский политехнический университет (ТПУ).— , 2014
Ч. 2.— 2014.— [С. 361-364]
Hovedforfatter: Яблокова С. А. София Александровна
Institution som forfatter: Национальный исследовательский Томский политехнический университет (ТПУ) Институт неразрушающего контроля (ИНК) Кафедра физических методов и приборов контроля качества (ФМПК)
Andre forfattere: Янушевская М. Н. Марина Николаевна (научный руководитель)
Summary:Заглавие с титульного экрана
Sprog:russisk
Udgivet: 2014
Serier:Эффективные системы управления качеством
Fag:
Online adgang:http://www.lib.tpu.ru/fulltext/c/2014/C47/V2/107.pdf
Format: MixedMaterials Electronisk Book Chapter
KOHA link:https://koha.lib.tpu.ru/cgi-bin/koha/opac-detail.pl?biblionumber=611247

MARC

LEADER 00000naa2a2200000 4500
001 611247
005 20231101132640.0
035 |a (RuTPU)RU\TPU\conf\8983 
035 |a RU\TPU\conf\8982 
090 |a 611247 
100 |a 20150302d2014 k y0rusy50 ca 
101 0 |a rus 
102 |a RU 
105 |a y z 101zy 
135 |a drgn ---uucaa 
181 0 |a i  
182 0 |a b 
200 1 |a Актуальные проблемы проведения внутреннего аудита в организации  |f С. А. Яблокова  |g науч. рук. М. Н. Янушевская 
203 |a Текст  |c электронный 
225 1 |a Эффективные системы управления качеством 
230 |a 1 компьютерный файл (pdf; 360 Kb) 
300 |a Заглавие с титульного экрана 
320 |a [Библиогр.: с. 364 (8 назв.)] 
337 |a Adobe Reader 
461 1 |0 (RuTPU)RU\TPU\conf\8514  |t Ресурсоэффективные системы в управлении и контроле: взгляд в будущее  |o сборник научных трудов III Международной конференции школьников, студентов, аспирантов, молодых ученых, 06 - 11 октября 2014 г.  |o в 4 ч.  |f Национальный исследовательский Томский политехнический университет (ТПУ)  |d 2014 
463 0 |0 (RuTPU)RU\TPU\conf\8518  |t Ч. 2  |v [С. 361-364]  |d 2014 
610 1 |a труды учёных ТПУ 
610 1 |a электронный ресурс 
610 1 |a актуальные проблемы 
610 1 |a внутренний аудит 
610 1 |a организации 
610 1 |a СМК 
610 1 |a системы менеджмента качества 
610 1 |a аудиторы 
610 1 |a несоответствия 
700 1 |a Яблокова  |b С. А.  |c специалист в области стандартизации и сертификации  |c ведущий эксперт Центра качества Томского политехнического университета  |f 1992-  |g София Александровна  |2 stltpush  |3 (RuTPU)RU\TPU\pers\47104 
702 1 |a Янушевская  |b М. Н.  |c специалист в области неразрушающего контроля  |c старший преподаватель Томского политехнического университета  |f 1969-  |g Марина Николаевна  |2 stltpush  |4 727 
712 0 2 |a Национальный исследовательский Томский политехнический университет (ТПУ)  |b Институт неразрушающего контроля (ИНК)  |b Кафедра физических методов и приборов контроля качества (ФМПК)  |h 68  |2 stltpush  |3 (RuTPU)RU\TPU\col\18709 
801 2 |a RU  |b 63413507  |c 20220221  |g RCR 
856 4 |u http://www.lib.tpu.ru/fulltext/c/2014/C47/V2/107.pdf 
942 |c BK